ইরানের রাজনৈতিক ব্যবস্থা / (Record no. 36739)
[ view plain ]
| 000 -LEADER | |
|---|---|
| fixed length control field | 00965nam a2200229 4500 |
| 001 - CONTROL NUMBER | |
| control field | 36739 |
| 003 - CONTROL NUMBER IDENTIFIER | |
| rucl marc code | BD-RjUL |
| 005 - DATE AND TIME OF LATEST TRANSACTION | |
| control field | 20211209052531.0 |
| 008 - FIXED-LENGTH DATA ELEMENTS--GENERAL INFORMATION | |
| fixed length control field | 140827s2008 bg a|||| |||| 00| 0 ben d |
| 020 ## - INTERNATIONAL STANDARD BOOK NUMBER | |
| International Standard Book Number | 9843000024055 : |
| Terms of availability | Tk. 180.00 |
| 035 ## - SYSTEM CONTROL NUMBER | |
| System control number | (BD-RjUL)36841 |
| 040 ## - CATALOGING SOURCE | |
| Original cataloging agency | BD-RjUL |
| Modifying agency | BD-RjUL |
| Language of cataloging | eng |
| Transcribing agency | BD-RjUL |
| 041 ## - LANGUAGE CODE | |
| Language code of text/sound track or separate title | ben |
| 082 ## - DEWEY DECIMAL CLASSIFICATION NUMBER | |
| Classification number | 320.0955 |
| Author mark and year | RAI 2008 |
| Edition number | 23 |
| 100 ## - MAIN ENTRY--PERSONAL NAME | |
| Personal name | রহমান, তারেক মুহম্মদ তওফীকুর |
| 9 (RLIN) | 112072 |
| 245 10 - TITLE STATEMENT | |
| Title | ইরানের রাজনৈতিক ব্যবস্থা / |
| Statement of responsibility, etc. | তারেক মুহম্মদ তওফীকুর রহমান |
| 260 ## - PUBLICATION, DISTRIBUTION, ETC. (IMPRINT) | |
| Place of publication, distribution, etc. | ঢাকা : |
| Name of publisher, distributor, etc. | কেটিথ্রি পাবলিশার্স, |
| Date of publication, distribution, etc. | ২০০৮. |
| 300 ## - PHYSICAL DESCRIPTION | |
| Pagination | xvi, ১১২ পৃ. : |
| Illustrations | চিত্র ; |
| Size | ২২ সেমি. |
| 650 ## - SUBJECT ADDED ENTRY--TOPICAL TERM | |
| Topical term or geographic name as entry element | রাজনীতি ও সরকার |
| Geographic subdivision | ইরান |
| 9 (RLIN) | 112073 |
| Topical term or geographic name as entry element | Politics and government |
| Geographic subdivision | Iran |
| 9 (RLIN) | 80964 |
| 942 ## - ADDED ENTRY ELEMENTS (KOHA) | |
| Source of classification or shelving scheme | Dewey Decimal Classification |
| Koha item type | Books |
| Lost status | Source of classification or shelving scheme | Damaged status | Not for loan | Collection code | Permanent Location | Current Location | Shelving location | Date acquired | Source of acquisition | Cost, normal purchase price | Total Checkouts | Full call number | Date last seen | Date checked out | Copy number | Koha item type |
|---|---|---|---|---|---|---|---|---|---|---|---|---|---|---|---|---|
| Dewey Decimal Classification | Non-fiction | Central Library, University of Rajshahi | Central Library, University of Rajshahi | 23/10/2008 | Author, R.U. | 180.00 | 2 | B 320.0955 RAI 2008 | 24/10/2021 | 24/10/2021 | C-4 | Books | ||||
| Dewey Decimal Classification | Non-fiction | Central Library, University of Rajshahi | Central Library, University of Rajshahi | 23/10/2008 | Lekhok, | 200.00 | 1 | B 320.0955 RAI 2008 | 06/09/2015 | 06/09/2015 | C-2 | Books | ||||
| Dewey Decimal Classification | Non-fiction | Central Library, University of Rajshahi | Central Library, University of Rajshahi | 23/10/2008 | lekhok | 200.00 | 1 | B 320.0955 RAI 2008 | 15/11/2021 | 11/11/2021 | C-3 | Books | ||||
| Dewey Decimal Classification | Non-fiction | Central Library, University of Rajshahi | Central Library, University of Rajshahi | 23/10/2008 | Lekhok, | 200.00 | B 320.0955 RAI 2008 | 08/08/2016 | C-5 | Books | ||||||
| Dewey Decimal Classification | Not For Loan | Non-fiction | Central Library, University of Rajshahi | Central Library, University of Rajshahi | Reading Room | 23/10/2008 | Author, Rajshahi. | 180.00 | B 320.0955 RAI 2008 | 12/12/2016 | C-1 | Books | ||||
| Dewey Decimal Classification | Non-fiction | Central Library, University of Rajshahi | Central Library, University of Rajshahi | 09/05/2017 | Dhaka Iran Embassy | 200.00 | 1 | B 320.0955 RAI 2008 | 24/03/2019 | 06/03/2019 | C-6 | Books |